02008nam a22002657a 4500003000900000008004100009040007100050082002700121110006600148245007200214260005100286300004600337440005800383505103900441650001501480650002701495650002301522650002601545700002601571700003001597700002701627700002101654700003301675710003401708AR-CdUCM190515b ||||| |||| 00| 0 spa d aMUNICIPALIDAD PROVINCIAL DEL CUSCOcBIBLIOTECA MUNICIPAL DEL CUSCO aCroniUrbana/N°12/2007 aCentro de Educación y Comunicación Guamán Poma de Ayala aCrónicas Urbanas :banálisis y perspectivas urbano regionales / aCusco :bCentro Guamán Poma de Ayala,c2007. a131 páginas. :bilustraciones ;c30 cm. aRevista Crónicas Urbanas.nAñño XI, N°12, 2007 aContenido: Significar desde la periferia experiencias y prácticas de identidad entre migrantes apurimeños en Lima. Silvia Rodríguez Maeso. -- Nuevas tendencias de participación y movilización política indígena en el Perú. Ramón Pajuelo Teves. -- Geopoética de identidad y lo cholo en el Perú migración geográfica y mestiza. Gisela Cánepa. -- La heroicidad en la memoria e identidad nacional. Santiago Alfaro. -- Entre el fuego y la calandria visión del Perú desde la narrativa andina. Luis Nieto Degregori. -- Luis Valllejos, Luis Dalle y la iglesia surandina su recuerdo nos da vida. Luis Jesús López Ribera. -- La educación como herramienta de inclusión. -- Narrativa de modernidad e ideología de diferenciación social, algunos discursos y practicas alrededor de la peregrinación de Quyllurit´i. Guillermo Salas Carreño. -- Warma Khuyay. José María Arguedas. -- Reseña amanecer en el bajo Huatanay del diagnóstico de recursos naturales del Valle de Cusco. Raúl Parra Maza.  aPolítica aDesarrollo económico aIdentidad nacional aPolítica indígena aNieto Degregori, Luis aRodríguez Maeso, Silvia aPajuelo Teves, Ramón aAlfaro, Santiago aLópez Ribera, Luis Jesús aCentro Guamán Poma de Ayala